| 000 | 00401nam a2200145Ia 4500 | ||
|---|---|---|---|
| 008 | 210716s2009 xx 000 0 und d | ||
| 020 | _a9780230632981 | ||
| 041 | _aeng | ||
| 082 | _a003.54 DESI | ||
| 245 | _aDesign development and implementation of information system. | ||
| 250 | _a2 | ||
| 260 |
_aNew Delhi _bMacmillan India Ltd _c2009 |
||
| 300 | _ax,474 | ||
| 650 | _aInformation Theory(003.54) | ||
| 999 |
_c192074 _d192074 |
||